Films Based on Video Games - Statistics

General Stats
  • This quiz has been taken 4,413 times
    2,929 since last reset
  • The average score is 10 of 39
Answer Stats
Year RT % Answer % Correct
1993 16% Super Mario Bros.
80%
1995 33% Mortal Kombat
57%
2001 19% Lara Croft: Tomb Raider
56%
2002 33% Resident Evil
55%
1994 12% Street Fighter
45%
2016 18% Assassin's Creed
43%
2005 19% Doom
42%
2004 21% Resident Evil: Apocalypse
33%
2010 23% Resident Evil: Afterlife
32%
2007 22% Resident Evil: Extinction
32%
2006 29% Silent Hill
32%
1999 14% Pokemon the First Movie - Mewtwo vs. Mew
31%
2012 31% Resident Evil: Retribution
30%
2017 35% Resident Evil: The Final Chapter
29%
2016 29% Warcraft
29%
1997 3% Mortal Kombat: Annihilation
28%
2001 44% Final Fantasy: The Spirits Within
26%
2007 14% Hitman
25%
2003 24% Lara Croft Tomb Raider: The Cradle of Life
25%
2010 36% Prince of Persia: The Sands of Time
22%
2014 22% Need for Speed
20%
2016 43% The Angry Birds Movie
18%
2017 Uncharted
18%
2008 16% Max Payne
16%
2000 15% Pokemon - The Movie 2000
16%
2012 5% Silent Hill: Revelation 3D
16%
2009 6% Street Fighter: The Legend of Chun-Li
16%
2001 22% Pokemon 3: The Movie
15%
2002 14% Pokemon 4Ever
15%
2005 1% Alone in the Dark
14%
2015 8% Hitman: Agent 47
13%
2003 4% House of the Dead
13%
2006 4% BloodRayne
12%
2006 34% DOA: Dead or Alive
12%
2007* 8% Postal
12%
2016 16% Ratchet and Clank
12%
1994 8% Double Dragon
11%
2008 4% In the Name of the King: A Dungeon Siege Tale
6%
1999 10% Wing Commander
6%
No matching quizzes found
Score Distribution
Percent of People with Each Score
Percentile by Number Answered
Your Score History
You have not taken this quiz since the last reset